00343nam a2200121Ia 4500003000400000008004100004020001500045040000800060100002000068245008400088260004100172300000800213LDD181029s9999 xx 000 0 und d a8171880878 cLDD aKapila, Rituraj 0aAacademic foundation's concise encyclopaedia of nobel laureatescRituraj Kapila aNew DelhibAcademic Foundationc1992 a320